000 00690nam a2200241Ia 4500
003 OSt
005 20220925225855.0
006 a|||||r|||| 00| 0
007 ta
008 220923b |||||||| |||| 00| 0 eng d
037 _cGeneral Book
040 _aRTL
_cRTL
_beng
041 _2eng
_aeng
082 _aT4:8, L0
100 _aRice A K
_9130063
245 0 _aModern University
_b A model organization
260 _aLondon
_bTavistock U K
_c1970
300 _aix,118p
_ccm.
490 _aTavistock Institute Of Human Relations, Publication
650 _aEducation - University
_9237429
942 _hT4:8, L0
_cGB
_2CC
999 _c584356
_d584356